Conjuring up prehistory : landscape and the archaic in Japanese nationalism /
This study considers the ways in which archaeology and landscapes of the archaic have been appropriated in Japanese nationalism since the early twentieth century, focusing on the writings of cultural historian Tetsuro Watsuji, philosopher Takeshi Umehara and environmental archaeologist Yoshinori Yas...
المؤلف الرئيسي:
التنسيق: كتاب الكتروني
اللغة: English
منشور في:
Oxford :
Archaeopress Publishing Ltd,
2021.
سلاسل:
Access archaeology.
الموضوعات:
الوصول للمادة أونلاين: Login to view Source
الوسوم: إضافة وسم
رقم الطلب: DS815
| LEADER | 01992nam a2200445 i 4500 | ||
|---|---|---|---|
| 001 | EDZ0002649514 | ||
| 003 | StDuBDS | ||
| 005 | 20230412183226.0 | ||
| 006 | m|||||o||d|||||||| | ||
| 007 | cr ||||||||||| | ||
| 008 | 211116s2021 enka fob 000|0|eng|d | ||
| 020 | |a 9781803271156 (PDF ebook) : |c No price | ||
| 040 | |a StDuBDS |b eng |c StDuBDS |e rda |e pn | ||
| 050 | 4 | |a DS815 | |
| 082 | 0 | 4 | |a 952.01 |2 23 |
| 100 | 1 | |a Hudson, Mark, |d 1963- |e author. | |
| 245 | 1 | 0 | |a Conjuring up prehistory : |b landscape and the archaic in Japanese nationalism / |c Mark J. Hudson. |
| 264 | 1 | |a Oxford : |b Archaeopress Publishing Ltd, |c 2021. | |
| 300 | |a 1 online resource (iv, 79 pages) : |b illustrations (colour). | ||
| 336 | |a text |2 rdacontent | ||
| 336 | |a still image |2 rdacontent | ||
| 337 | |a computer |2 rdamedia | ||
| 338 | |a online resource |2 rdacarrier | ||
| 490 | 1 | |a Access archaeology | |
| 500 | |a Also issued in print: 2021. | ||
| 500 | |a "Available in both print and Open Access"--Homepage. | ||
| 504 | |a Includes bibliographical references. | ||
| 506 | 0 | |a Open access. | |
| 520 | 8 | |a This study considers the ways in which archaeology and landscapes of the archaic have been appropriated in Japanese nationalism since the early twentieth century, focusing on the writings of cultural historian Tetsuro Watsuji, philosopher Takeshi Umehara and environmental archaeologist Yoshinori Yasuda. | |
| 521 | |a Specialized. | ||
| 588 | |a Description based on online resource; title from PDF title page (viewed on November 30, 2021). | ||
| 650 | 0 | |a Archaeology |z Japan. | |
| 650 | 0 | |a Landscape archaeology |z Japan. | |
| 650 | 0 | |a Nationalism |z Japan |x History |y 20th century. | |
| 776 | 0 | 8 | |i Print version : |z 9781803271149 |
| 830 | 0 | |a Access archaeology. | |
| 856 | 4 | 0 | |3 Archaeopress |u http://library.arce.org:8087/Archaeopress/Products/9781803271149 |
| 942 | |2 lcc |c EBOOK | ||
| 952 | |0 0 |1 0 |4 0 |6 DS0815 |7 1 |9 46894 |a ARCH |b ARCH |d 2023-04-12 |l 0 |o DS815 |r 2023-04-12 00:00:00 |w 2023-04-12 |y EBOOK | ||
| 999 | |c 52552 |d 52552 | ||
